000 00819nam a22003010a 4500
001 PT35058
003 AR-LpoUNG
005 20210131230235.0
008 191001s1993||||xxu|||||||||||||||||eng d
020 _a0333618947
_c$18.72
040 _aAR-LpoUNG
_bspa
_cAR-LpoUNG
_eaacr
041 _aeng
044 _axxu
082 0 _a428 135tra
100 1 _aBadger, Ian
245 1 0 _aAmerican business english program :
_btrainer's guide elementary
250 _a1§ edición, 1§ reimpresión
260 _aNew York :
_bPrentice Hall,
_c1993.
300 _a127 p. :
_bil.
650 4 _aAPRENDIZAJE
650 4 _aENSEÑANZA DE IDIOMAS
650 4 _aLENGUA INGLESA
651 4 _aDOCUMENTOS TEORICOS O METODOLOGICOS
700 1 _aDaniel, David A.
700 1 _aMenzies, Peter
905 _a35058
942 _cLIB
999 _c2353
_d2353